Die Kunst der Interpretation : Rubens und die Druckgraphik
Gespeichert in:
| VerfasserInnen: | |
|---|---|
| Mitwirkende: | |
| Dokumenttyp: | Buch |
| Sprache: | German |
| Veröffentlicht: |
Berlin
: Deutscher Kunstverlag
, [2020]
|
| Schlagwörter: | |
| Online Zugang: | Inhaltsverzeichnis Inhaltsverzeichnis Inhaltsbeschreibung |
| Bibliogr. Hinweis: | Vorangegangen ist:
Die Kunst der Interpretation Rezensiert in: [Rezension von: Hans Jakob Meier, Die Kunst der Interpretation. Rubens und die Druckgraphik] |
| Verantwortlich: | Hans Jakob Meier ; mit einem Beitrag von Jeremy Wood |
| LEADER | 04792cam a2200877 c 4500 | ||
|---|---|---|---|
| 001 | 1667410385 | ||
| 003 | DE-627 | ||
| 005 | 20260417205221.0 | ||
| 007 | tu | ||
| 008 | 190613s2020 gw ||||| r 00| ||ger c | ||
| 015 | |a 19,N24 |2 dnb | ||
| 015 | |a 19,N24 |2 dnb | ||
| 016 | 7 | |a 1187850071 |2 DE-101 | |
| 020 | |a 9783422980648 |q : EUR 98.00 (DE), EUR 98.00 (AT) |9 978-3-422-98064-8 | ||
| 020 | |a 3422980644 |9 3-422-98064-4 | ||
| 024 | 3 | |a 9783422980648 | |
| 035 | |a (DE-627)1667410385 | ||
| 035 | |a (DE-603)452367107 | ||
| 035 | |a (DE-599)DNB1187850071 | ||
| 035 | |a (OCoLC)1157241108 | ||
| 035 | |a (OCoLC)1132880851 | ||
| 035 | |a (OCoLC)1104402342 | ||
| 040 | |a DE-627 |b ger |c DE-627 |e rda | ||
| 041 | |a ger | ||
| 044 | |c XA-DE-BE | ||
| 082 | 0 | |a 769.92 |q DE-101 | |
| 082 | 0 | 4 | |a 760 |a 750 |q DE-101 |
| 084 | |a KUNST |q DE-16 |2 fid | ||
| 084 | |a LI 75910 |q DE-14/sred |2 rvk |0 (DE-625)rvk/96992:13288 | ||
| 084 | |a LH 71350 |2 rvk |0 (DE-625)rvk/94869: | ||
| 084 | |a 20.31 |2 bkl | ||
| 084 | |a 21.32 |2 bkl | ||
| 100 | 1 | |a Meier, Hans Jakob |e VerfasserIn |0 (DE-588)124640168 |0 (DE-627)521517761 |0 (DE-576)294425306 |4 aut | |
| 245 | 1 | 4 | |a Die Kunst der Interpretation |b Rubens und die Druckgraphik |c Hans Jakob Meier ; mit einem Beitrag von Jeremy Wood |
| 264 | 1 | |a Berlin |b Deutscher Kunstverlag |c [2020] | |
| 264 | 4 | |c © 2020 | |
| 300 | |a 423 Seiten |b Illustrationen |c 32 cm | ||
| 336 | |a Text |b txt |2 rdacontent | ||
| 336 | |a unbewegtes Bild |b sti |2 rdacontent | ||
| 337 | |a ohne Hilfsmittel zu benutzen |b n |2 rdamedia | ||
| 338 | |a Band |b nc |2 rdacarrier | ||
| 500 | |a "Mit diesem Buch liegt der abschließende Band einer Trilogie zur Geschichte der Reproduktionsgraphik vor." (Vorwort) | ||
| 500 | |a Literaturverzeichnis: Seite 407-418 | ||
| 583 | 1 | |a Archivierung/Langzeitarchivierung gewährleistet |f FID |x XA-DE-BW |2 pdager |5 DE-16 | |
| 600 | 1 | 7 | |0 (DE-588)11860354X |0 (DE-627)133816001 |0 (DE-576)162806760 |a Rubens, Peter Paul |d 1577-1640 |2 gnd |
| 650 | 0 | 7 | |0 (DE-588)4115750-3 |0 (DE-627)104660759 |0 (DE-576)209495758 |a Reproduktionsgrafik |2 gnd |
| 655 | 7 | |a Verzeichnis |0 (DE-588)4188171-0 |0 (DE-627)105266639 |0 (DE-576)210051078 |2 gnd-content | |
| 655 | 7 | |a Bildband |0 (DE-588)4145395-5 |0 (DE-627)104450835 |0 (DE-576)209741139 |2 gnd-content | |
| 689 | 0 | 0 | |d p |0 (DE-588)11860354X |0 (DE-627)133816001 |0 (DE-576)162806760 |a Rubens, Peter Paul |d 1577-1640 |2 gnd |
| 689 | 0 | 1 | |d s |0 (DE-588)4115750-3 |0 (DE-627)104660759 |0 (DE-576)209495758 |a Reproduktionsgrafik |2 gnd |
| 689 | 0 | |5 DE-101 | |
| 689 | 1 | 0 | |d p |0 (DE-588)11860354X |0 (DE-627)133816001 |0 (DE-576)162806760 |a Rubens, Peter Paul |d 1577-1640 |2 gnd |
| 689 | 1 | 1 | |d s |0 (DE-588)4113357-2 |0 (DE-627)104279680 |0 (DE-576)20947582X |a Druckgrafik |2 gnd |
| 689 | 1 | |5 (DE-627) | |
| 689 | 2 | 0 | |d s |0 (DE-588)4115750-3 |0 (DE-627)104660759 |0 (DE-576)209495758 |a Reproduktionsgrafik |2 gnd |
| 689 | 2 | |5 (DE-627) | |
| 700 | 1 | |a Rubens, Peter Paul |d 1577-1640 |e IllustratorIn |0 (DE-588)11860354X |0 (DE-627)133816001 |0 (DE-576)162806760 |4 ill | |
| 700 | 1 | |a Wood, Jeremy |d 1950- |e VerfasserIn |0 (DE-588)141205946 |0 (DE-627)626138949 |0 (DE-576)322745152 |4 aut | |
| 780 | 0 | 0 | |i Vorangegangen ist |a Gramaccini, Norberto, 1951 - |t Die Kunst der Interpretation |d Berlin : Deutscher Kunstverlag, 2009 |h 518 Seiten |w (DE-627)1617513148 |w (DE-576)302296344 |z 9783422068728 |
| 787 | 0 | 8 | |i Rezensiert in |a Llaurens, Blanche |t [Rezension von: Hans Jakob Meier, Die Kunst der Interpretation. Rubens und die Druckgraphik] |d 2021 |w (DE-627)1878494368 |
| 856 | 4 | 2 | |u http://www.gbv.de/dms/weimar/toc/1667410385_toc.pdf |m DE-601 |q application/pdf |3 Inhaltsverzeichnis |7 1 |
| 856 | 4 | 2 | |u https://d-nb.info/1187850071/04 |m B:DE-101 |q application/pdf |3 Inhaltsverzeichnis |7 1 |
| 856 | 4 | 2 | |u https://www.degruyter.com/view/product/523529 |q application |y Inhaltsbeschreibung |7 1 |
| 936 | r | v | |a LI 75910 |b Beziehungen zu anderen Personen, Nachwirken von Persönlichkeit und Werk |k Kunstgeschichte |k Künstler-Monografien |k Alphabetische Künstlerliste |k Künstler R |k Rubens, Peter Paul (bis 75910) |k Beziehungen zu anderen Personen, Nachwirken von Persönlichkeit und Werk |0 (DE-627)1271589737 |0 (DE-625)rvk/96992:13288 |0 (DE-576)201589737 |
| 936 | r | v | |a LH 71350 |b Rokoko (und 18. Jahrhundert) |k Kunstgeschichte |k Allgemeines. Allgemeine Kunstgeschichte |k Kunstgeschichte einzelner Gattungen der Kunst |k Zeichnung und Grafik |k Darstellungen einzelner Epochen |k Rokoko (und 18. Jahrhundert) |0 (DE-627)1271108119 |0 (DE-625)rvk/94869: |0 (DE-576)201108119 |
| 936 | b | k | |a 20.31 |j Bildende Künstler |0 (DE-627)181571080 |
| 936 | b | k | |a 21.32 |j Geschichte der Graphik |0 (DE-627)106405756 |
| 936 | s | n | |a l300 |2 mzub |
| 951 | |a BO | ||
| 990 | |a Rubens, Peter Paul | ||
| 990 | |a Reproduktionsgrafik | ||
| 990 | |a Rubens, Peter Paul | ||
| 990 | |a Druckgrafik | ||
| 990 | |a Reproduktionsgrafik | ||
| 991 | |a Rezensiertes Werk | ||
| 999 | |a KXP-PPN1667410385 |e 4967412335 | ||


